1639 1580 1762 1884 1061 1134 1451 1150 1864 1719 1516 1795 1826 1173 1207 1220 1913 1444 1486 1759 1763 1813 1428 1455 1635 1914 1681 1554 1673 1920 1879 1726 1940 1465 1497 1973 1116 1474 1748 1837 1102 1533 1458 1289 1814 1011 1348 1484 1907 1713 1172 1664 1471 1835 1065 1602 1422 1952 1222 1011 1449 1728 1760 1085 1160 1069 1484 1622 1870 1173 1127 1104 1911 1429 1296 1168 1464 1543 1108 1890 1426 1601 1692 1866 1678 1497 1815 1354 1658 1857 1225 1700 1922 1913 1871 1297 1761 1207 1119 BCNSPRNW ULIB Ver.6.0+V

เปลี่ยนเป็นภาษาไทย

Change to English
 แสดงรายละเอียดบรรณานุกรม
  กลับหน้าหลัก

Brief Record : Get Marc (ISO 2709) : E-mail record : QR code < ปิดหน้าต่าง
LEADER : 00000nam 2200000uu 4500
001    13399126384
003     ULIB
008    180911s2559||||th 000 0 tha d
020    ^a9786162147241
050    ^aนว^bว177ห
100 0  ^aวรรณวรรธน์
245 10 ^aหนึ่งด้าวฟ้าเดียวกัน เล่ม 2/ ^cวรรณวรรธน์
250    ^aพิมพ์ครั้งที่ 9
260    ^aกรุงเทพฯ : ^bณ บ้านวรรณกรรม, ^c2559
300    ^a342 หน้า ;^c21 ซม
945    ^p270^l0^i004610
999    ^aวรรณษา ชูชัยมงคล
รายการนี้ยังไม่มีแท็ก
คุณยังไม่ได้ล็อกอิน คุณสามารถมีกิจกรรมร่วมกับเว็บไซต์ได้ แต่ต้องล็อกอินก่อน ::
  ล็อกอิน

รายการสื่อสารสนเทศ

ลำดับที่ ประเภท เลขเรียก/บาร์โค้ด สถานที่ สถานะ
1. นวนิยาย
นวนิยาย
นว ว177ห ฉ.1 
  Barcode: 004610
ห้องสมุดวิทยาเขตสวรรค์ประชารักษ์
►หนังสือทั่วไป
บนชั้น

รายการใกล้เคียง
    ผู้แต่ง [วรรณวรรธน์]

BibComment


ยังไม่เคยถูกคอมเมนท์

คอมเมนท์ทรัพยากรรายการนี้
  คอมเมนท์: หนึ่งด้าวฟ้าเดีย..


 Copyright 2026. Bcnsprnw @Library